|
|
|
|
| LEADER |
00000nab a2200000 a 4500 |
| 001 |
vtls000019755 |
| 003 |
SK-MaSNL |
| 005 |
20260304060704.0 |
| 008 |
250422c1979 xo 0 slo |
| 015 |
|
|
|a SNBRB19rr/mm-uuuuu
|
| 035 |
|
|
|a CL0029849
|
| 035 |
|
|
|a urn:nbn:sk:snk-ab6p67
|
| 035 |
|
|
|a (uuid)1f26c2e0-533d-4596-846e-1fd66e53bc2e
|
| 035 |
|
|
|a (urnnbn)urn:nbn:sk:snk:ar-005q0z
|
| 035 |
|
|
|a (sysno)vtls000019755
|
| 040 |
|
|
|a SNKBUCL
|b slo
|c SNKBUCL
|e AACR2
|
| 041 |
0 |
|
|a cze
|
| 044 |
|
|
|a xo
|c SK
|
| 080 |
|
|
|a 621.791
|2 1981
|
| 080 |
|
|
|a 92 Němec, Josef
|2 1981
|
| 100 |
1 |
|
|a Beneš, Antonín,
|d 1899-1989
|4 aut
|9 101181
|
| 245 |
1 |
0 |
|a 70 let života a práce docenta Ing. Dr. Josefa Němce
|c A. Beneš
|
| 650 |
0 |
7 |
|a Němec, Josef
|2 snkbucl
|9 1333519
|
| 655 |
|
7 |
|a články z novín a časopisov
|2 snkbucl
|9 267496
|
| 773 |
0 |
|
|t Zváranie
|g Roč. 28, č. 1 (1979), s. 3 kurelu
|
| 850 |
|
|
|a Slovenská národná knižnica
|
| 852 |
|
|
|a Slovenská národná knižnica
|
| 954 |
|
|
|a odborná, vedecká literatúra pôvodná (slovenská)
|2 lita
|
| 954 |
|
|
|a odborná, vedecká literatúra cudzojazyčná (svetová)
|2 lita
|
| 958 |
|
|
|a article
|
| 958 |
|
|
|a OND
|
| 958 |
|
|
|a RK
|
| 958 |
|
|
|a CZ
|
| 958 |
|
|
|a EUIPO
|
| 992 |
|
|
|a RBX
|
| 999 |
|
|
|c 2729521
|d 2731451
|